01554cam a2200373 i 450000100090000000300040000900500170001300800410003001000170007102000320008802000290012002000180014904000280016704200080019505000240020308200180022710000420024524501480028725000190043526400510045430000520050533600260055733700280058333800270061150000650063850400530070365000300075670000310078670000280081794200420084595201380088795201380102599900170116319785693OSt20250610131645.0170714s2019 nyua b 001 0 eng  a 2017033533 a9781259573088q(alk. paper) a1259573087q(alk. paper) a9789355324641 aDLCbengcDLCerdadDLC apcc00aHF5429b.L4828 201900a658.87bLEV/R1 aLevy, Michael,d1950-eauthor.91056110aRetailing management /cMichael Levy, Ph.D., Babson College, Barton A. Weitz, Ph.D., University of Florida Dhruv Grewal, Ph.D., Babson College. aTenth Edition. 1aNew York, NY :bMcGraw-Hill Education,c[2019] axxvi, 582 pages :bcolor illustrations ;c28 cm atextbtxt2rdacontent aunmediatedbn2rdamedia avolumebnc2rdacarrier aRevised edition of the authors' Retailing management, [2014] aIncludes bibliographical references and indexes. 0aRetail tradexManagement.1 aWeitz, Barton A.,eauthor.1 aGrewal, Dhruv,eauthor. 2ddccBKh658.87iLEV/Rk658.87mLEV/R 00102ddc40708MANAGEMENTaMESbMEScMANAGEMENTd2025-06-10l0o658.87 LEV/Rp45966r2025-06-10 13:16:17t1w2025-06-10yBKzGL53R4 00102ddc40708MANAGEMENTaMESbMEScMANAGEMENTd2025-06-10l0o658.87 LEV/Rp46039r2025-06-10 13:16:17t2w2025-06-10yBKzGL53R4 c44547d44547